000 00811cab a2200253 4500
001 ABS51214
008 090401t1994 xxu||||| |||| 00| 0 eng d
035 _a(Sirsi) u15215
041 _aeng
100 _aBurberry, P.
245 _aRuling on energy and ventilation
260 _c1994
350 _a0
490 _aArchitects` Journal
_v200(7) 18 August 1994, 21-23(3)
520 _aReports on revisions to parts F and L of the Building Regulations relating to energy and ventilation, due to come into force July 1995.
650 _aAPPROVED DOCUMENT F
650 _aAPPROVED DOCUMENT L
650 _aBUILDING REGULATIONS 1991
650 _aSTANDARD ASSESSMENT PROCEDURE
650 _aTHERMAL REGULATIONS
690 _aBUILDING AND CONSTRUCTION-REGULATIONS
942 _n0
948 _c04/03/1997
999 _c9951
_d9951